Discovering statistics using SPSS : (and sex,drugs and rock 'n' roll)
Αποθηκεύτηκε σε:
| Κύριος συγγραφέας: | |
|---|---|
| Μορφή: | Βιβλίο |
| Γλώσσα: | English |
| Δημοσίευση: |
London :
Sage Publications,
[c2005]
|
| Έκδοση: | 2nd ed. |
| Σειρά: | ISM introducing statistical methods
|
| Θέματα: | |
| Ετικέτες: |
Προσθήκη ετικέτας
Δεν υπάρχουν, Καταχωρήστε ετικέτα πρώτοι!
|
MARC
| LEADER | 00000nam a2200000 i 4500 | ||
|---|---|---|---|
| 001 | 1/41158 | ||
| 008 | 070214s2005 eng d | ||
| 020 | |a 0-7619-4452-4 | ||
| 035 | |l 10087010 | ||
| 040 | |a GR-MY-UA |b gre |e aacr | ||
| 041 | 0 | |a eng | |
| 082 | 0 | |a 300.285 |2 (22) | |
| 100 | 1 | |a Field, Andy P. | |
| 245 | 1 | 0 | |a Discovering statistics using SPSS : |b (and sex,drugs and rock 'n' roll) / |c Andy Field |
| 250 | |a 2nd ed. | ||
| 260 | |a London : |b Sage Publications, |c [c2005] | ||
| 300 | |a xxxiv, 779 σ.; |c 25 εκ.+ |e + 1 CD-ROM (4 3/4 in.) | ||
| 490 | 1 | |a ISM introducing statistical methods | |
| 504 | |a Βιβλιογραφία: σ. 762-776. Ευρετήριο | ||
| 630 | 0 | 0 | |a SPSS for Windows. |
| 650 | 0 | 0 | |a Social sciences |x Statistical methods |x Computer programs. |
| 830 | 0 | |a ISM introducing statistical methods | |
| 852 | |a INST |b CHIOS |e 20070830 |h 300.285 FIE |p 005200025564 |q 005200025564 |t BK |y 0 | ||
| 852 | |a INST |b CHIOS |e 20070830 |h 300.285 FIE |p 005200025552 |q 005200025552 |t BK |y 0 | ||
| 852 | |a INST |b LESVOS |e 20080926 |h 300.285 FIE |p 005100044374 |q 005100044374 |t BK |y 0 | ||
| 852 | |a INST |b LESVOS |e 20080926 |h 300.285 FIE |p 005100044373 |q 005100044373 |t BK |y 0 | ||
| 852 | |a INST |b RHODES |e 20070214 |h 300.285 FIE |p 005400026947 |q 005400026947 |t BK |y 0 | ||
| 852 | |a INST |b RHODES |e 20070301 |h 300.285 FIE |p 005400026877 |q 005400026877 |t BK |y 0 | ||
| 901 | |a BIBL4-2007-1 | ||
| 901 | |a BIBL2-2007-2 | ||
| 901 | |a BIBL1-2008-3 | ||
| 909 | |a Ρ |b 132136 | ||
| 909 | |a Ρ |b 122027 | ||
| 909 | |a Χ |b 138890 | ||
| 909 | |a Χ |b 131174 | ||
| 909 | |a Λ |b 152055 | ||
| 909 | |a Λ |b 141046 | ||
| 920 | |a ΑΝΑΜΟΡΦΩΣΗ |b ΕΠΕΑΕΚ ΙΙ - ΤΕΠΑΕΣ |y ΡΟΔΟΣ |z 2006-12 | ||
| 922 | |a 2ΕΛΗ |b 200708 |c ΕΠΕΑΕΚ2/ΤΜΟΔ |d ΕΛΕΥΘΕΡΟΥΔΑΚΗΣ | ||
| 922 | |a 1ΕΛΗ |b 200803 |c ΕΠΕΑΕΚ2/ΤΠ |d ΕΛΕΥΘΕΡΟΥΔΑΚΗΣ | ||
| 970 | |a ΜΙΣΣΟΣ |b ΣΤΑΥΡΟΣ |z 2007/02/14 | ||